[Event "36 R.G.Nezhmetdinov Memorial"]
[Site "Kazan"]
[Date "2014.06.04"]
[Round "5.4"]
[White "Andriasian, Zaven"]
[Black "Gavrilov, Alexei"]
[Result "1-0"]
[WhiteElo "2611"]
[BlackElo "2491"]
[PlyCount "65"]
[EventDate "2014.??.??"]

1. e4 e5 2. Nf3 Nc6 3. Bc4 Bc5 4. b4 Bxb4 5. c3 Ba5 6. d4 d6 7. Qb3 Qd7 8. O-O
Bb6 9. Nbd2 Na5 10. Qb1 Nxc4 11. Nxc4 Qc6 12. Qd3 f6 13. a4 a6 14. d5 Qd7 15.
Nxb6 cxb6 16. Nd2 Qc7 17. Nc4 Bg4 18. Ba3 Rd8 19. Rab1 Ne7 20. f3 Bh5 21. Rxb6
Nc8 22. Rb2 O-O 23. Rfb1 Rf7 24. h3 Re7 25. Rxb7 Qxb7 26. Rxb7 Rxb7 27. Na5 Rb6
28. Qc4 Rb1+ 29. Kh2 Ra1 30. Nb7 Re8 31. Bxd6 Rb1 32. Bb4 Rb2 33. d6+ 1-0

[Event "36 R.G.Nezhmetdinov Memorial"]
[Site "Kazan"]
[Date "2014.06.04"]
[Round "5.5"]
[White "Shaposhnikov, Evgeny"]
[Black "Timofeev, Artyom"]
[Result "1/2-1/2"]
[WhiteElo "2550"]
[BlackElo "2603"]
[PlyCount "75"]
[EventDate "2014.??.??"]

1. e4 c5 2. Nf3 Nc6 3. Bb5 d6 4. O-O Bd7 5. Re1 Nf6 6. h3 e6 7. c3 Ne5 8. Bxd7+
Qxd7 9. d4 Nxf3+ 10. Qxf3 cxd4 11. cxd4 d5 12. e5 Ne4 13. Nd2 Bb4 14. Nxe4 Bxe1
15. Nd6+ Kf8 16. Bh6 Bb4 17. Bxg7+ Kxg7 18. Qf6+ Kg8 19. Qg5+ Kf8 20. Qh6+ Kg8
21. Rd1 f5 22. Rd3 Bxd6 23. Rg3+ Kf7 24. Rg7+ Ke8 25. Rxd7 Kxd7 26. exd6 Kxd6
27. Qg7 b6 28. b4 b5 29. Qb7 Rhb8 30. Qxh7 a5 31. a3 axb4 32. axb4 Ra4 33. Qg7
Rc8 34. Qe5+ Kd7 35. Qg7+ Kd6 36. Qe5+ Kd7 37. Qg7+ Kd6 38. Qe5+ {Kxe5 [%clk 0:
43:05]} 1/2-1/2

[Event "36 R.G.Nezhmetdinov Memorial"]
[Site "Kazan"]
[Date "2014.06.04"]
[Round "5.6"]
[White "Bocharov, Dmitry"]
[Black "Yagupov, Igor"]
[Result "0-1"]
[WhiteElo "2598"]
[BlackElo "2414"]
[PlyCount "88"]
[EventDate "2014.??.??"]

1. Nf3 d5 2. g3 Bg4 3. Bg2 Nd7 4. c4 e6 5. cxd5 exd5 6. O-O c6 7. h3 Bh5 8. d3
Bd6 9. e4 Ne7 10. Nc3 O-O 11. g4 Bg6 12. Nd4 Be5 13. Nb3 dxe4 14. dxe4 f6 15.
f4 Bc7 16. Nd4 Bf7 17. Be3 Re8 18. Qf3 Nc8 19. Rad1 Nd6 20. Bf2 Qe7 21. Rfe1
Rad8 22. Kh1 a6 23. Bg3 Nb5 24. Nf5 Qb4 25. a4 Nxc3 26. bxc3 Qxa4 27. g5 fxg5
28. Rd4 Qa3 29. Red1 Nf8 30. fxg5 Rxd4 31. Rxd4 Bxg3 32. Qxg3 Qc1+ 33. Kh2 Be6
34. Nd6 Re7 35. h4 Ng6 36. e5 Bd5 37. h5 Bxg2 38. Qxg2 Nf4 39. Qa2+ Nd5 40.
Rxd5 Qf4+ 41. Kg2 Qxg5+ 42. Kf1 Qf4+ 43. Kg2 Qg4+ 44. Kf2 cxd5 0-1

[Event "36 R.G.Nezhmetdinov Memorial"]
[Site "Kazan"]
[Date "2014.06.04"]
[Round "5.7"]
[White "Danin, Alexandre"]
[Black "Turkin, Viktor"]
[Result "1-0"]
[WhiteElo "2594"]
[BlackElo "2285"]
[PlyCount "45"]
[EventDate "2014.??.??"]

1. e4 c5 2. Nf3 e6 3. d4 cxd4 4. Nxd4 a6 5. Be2 Qc7 6. O-O Nf6 7. Nc3 Nc6 8.
Be3 Be7 9. f4 d6 10. Qe1 Nxd4 11. Bxd4 O-O 12. Qg3 b5 13. a3 Bb7 14. Kh1 Bc6
15. Rad1 Rad8 16. Rfe1 Rfe8 17. Bf3 g6 18. f5 Qb7 19. fxe6 fxe6 20. Bxf6 Bxf6
21. Rxd6 Rxd6 22. Qxd6 Bg7 23. Bg4 1-0

[Event "36 R.G.Nezhmetdinov Memorial"]
[Site "Kazan"]
[Date "2014.06.04"]
[Round "5.8"]
[White "Rozum, Ivan"]
[Black "Dvoirys, Semen"]
[Result "1-0"]
[WhiteElo "2535"]
[BlackElo "2557"]
[PlyCount "83"]
[EventDate "2014.??.??"]

1. d4 Nf6 2. c4 e6 3. Nf3 b6 4. a3 Bb7 5. Nc3 d5 6. cxd5 exd5 7. g3 Bd6 8. Bg2
O-O 9. O-O Nbd7 10. Nb5 Be7 11. Bf4 Ne8 12. Rc1 c6 13. Nc3 Nd6 14. Bxd6 Bxd6
15. e4 dxe4 16. Nxe4 Be7 17. Qc2 c5 18. Rfd1 Rc8 19. dxc5 Bxe4 20. Qxe4 Rxc5
21. Qe3 Qc7 22. b4 Rxc1 23. Rxc1 Qd6 24. Nd4 Bf6 25. Nb5 Qb8 26. Rc7 a6 27.
Rxd7 axb5 28. Bd5 Qc8 29. Ra7 Qg4 30. Kg2 h5 31. Rxf7 Rxf7 32. Qe8+ Kh7 33.
Qxf7 Qg6 34. Qe6 Kh6 35. h4 Bd4 36. Qc8 Qb1 37. Qh8+ Qh7 38. Qf8 Be5 39. Qf3 g5
40. hxg5+ Kxg5 41. Qe3+ Kf6 42. Qxb6+ 1-0

[Event "36 R.G.Nezhmetdinov Memorial"]
[Site "Kazan"]
[Date "2014.06.04"]
[Round "5.9"]
[White "Ibragimov, Ildar"]
[Black "Gaifullin, Artur"]
[Result "1/2-1/2"]
[WhiteElo "2557"]
[BlackElo "2130"]
[PlyCount "84"]
[EventDate "2014.??.??"]

1. d4 d5 2. c4 e6 3. Nc3 Nf6 4. Nf3 Be7 5. Bf4 O-O 6. e3 c5 7. dxc5 Nc6 8. cxd5
exd5 9. Be2 Bxc5 10. O-O Be6 11. Rc1 Rc8 12. Nb5 Be7 13. Nfd4 Qb6 14. Qb3 Ne4
15. Rfd1 Bf6 16. f3 Nxd4 17. exd4 Rxc1 18. Bxc1 a6 19. Be3 Nd6 20. Nxd6 Qxd6
21. Qxb7 Rb8 22. Qxa6 Qxa6 23. Bxa6 Rxb2 24. a4 h6 25. Bb5 h5 26. Ra1 Bd8 27.
Kf1 Ba5 28. Bf2 Bf5 29. h4 g6 30. Rc1 Bb6 31. Be3 Kg7 32. Rc6 Ba7 33. Bf2 Rb1+
34. Ke2 Rb2+ 35. Ke1 Rb1+ 36. Kd2 Rb2+ 37. Ke1 Rb1+ 38. Ke2 Rb2+ 39. Kf1 Rb1+
40. Ke2 Rb2+ 41. Kf1 Rb1+ 42. Ke2 Rb2+ 1/2-1/2

[Event "36 R.G.Nezhmetdinov Memorial"]
[Site ", "]
[Date "2014.06.04"]
[Round "5.11"]
[White "Matinian, Nikita"]
[Black "Ponkratov, Pavel"]
[Result "0-1"]
[WhiteElo "2478"]
[BlackElo "2595"]
[PlyCount "118"]
[EventDate "2014.??.??"]

1. e4 e5 2. Nf3 Nc6 3. Bb5 a6 4. Ba4 Nf6 5. O-O Be7 6. Re1 b5 7. Bb3 O-O 8. a4
Rb8 9. axb5 axb5 10. Nc3 d6 11. Nd5 Nxd5 12. exd5 Nd4 13. Nxd4 exd4 14. d3 Bf6
15. Qf3 Bb7 16. h3 Ra8 17. Bd2 Be5 18. Ra5 Rxa5 19. Bxa5 Kh8 20. c4 bxc4 21.
Bxc4 f5 22. Bd2 f4 23. Ra1 g6 24. Ra3 h5 25. Ba6 Ba8 26. Bb5 Qb8 27. Ra5 Qb7
28. Bc6 Qxb2 29. Rxa8 Rxa8 30. Bxa8 Qxd2 31. Bc6 Qc1+ 32. Kh2 Kg7 33. h4 Qf1
34. Be8 Kh7 35. Bf7 Kh6 36. Be6 Kg7 37. Bh3 Bf6 38. g3 fxg3+ 39. Qxg3 Qe2 40.
Kg2 Qe8 41. Be6 Kh7 42. Kh3 Qe7 43. Bc8 Qf8 44. Be6 Be5 45. Qg2 Qf4 46. Bd7 Qf6
47. Bc8 Kg7 48. Bd7 Kf8 49. f3 Ke7 50. Bc8 Kd8 51. Be6 c5 52. Qf2 Qf4 53. Kg2
Qh2+ 54. Kf1 Qh1+ 55. Ke2 Qc1 56. f4 Bxf4 57. Kf3 Be3 58. Qg3 Qf1+ 59. Ke4 Qh1+
0-1

[Event "36 R.G.Nezhmetdinov Memorial"]
[Site ", "]
[Date "2014.06.04"]
[Round "5.12"]
[White "Popov, Ivan"]
[Black "Rodchenkov, Vitaly"]
[Result "1/2-1/2"]
[WhiteElo "2650"]
[BlackElo "2328"]
[PlyCount "93"]
[EventDate "2014.??.??"]

1. e4 c5 2. Nf3 d6 3. d4 cxd4 4. Nxd4 Nf6 5. Nc3 a6 6. h3 e5 7. Nde2 h5 8. Bg5
Be7 9. Bxf6 Bxf6 10. Nd5 Bg5 11. h4 Bh6 12. g3 Bg4 13. Qd3 Nd7 14. Bg2 Rc8 15.
c3 Nb6 16. Bh3 Bxh3 17. Rxh3 Nxd5 18. Qxd5 Qd7 19. Rh1 O-O 20. Rd1 Rfd8 21. f3
b5 22. Kf2 b4 23. Rd3 bxc3 24. Rxc3 Rxc3 25. Nxc3 Rb8 26. b3 Rc8 27. Qd3 Qc6
28. Nd5 Qc2+ 29. Qe2 Qxe2+ 30. Kxe2 Rc2+ 31. Kd3 Rxa2 32. g4 f6 33. g5 fxg5 34.
hxg5 Bxg5 35. Rxh5 Bh6 36. Rf5 a5 37. Ne7+ Kh7 38. Rf7 Rd2+ 39. Kc3 Rd1 40. Nf5
d5 41. exd5 Rxd5 42. Kc4 Rd8 43. Ra7 Rc8+ 44. Kd5 Rc3 45. Nxh6 Kxh6 46. Rxa5
Rxb3 47. Ke4 1/2-1/2

[Event "36 R.G.Nezhmetdinov Memorial"]
[Site ", "]
[Date "2014.06.04"]
[Round "5.13"]
[White "Fedorov, Alexei"]
[Black "Yuferev, Oleg"]
[Result "1-0"]
[WhiteElo "2574"]
[BlackElo "2250"]
[PlyCount "51"]
[EventDate "2014.??.??"]

1. e4 e6 2. d4 d5 3. Nc3 Nf6 4. e5 Nfd7 5. Nce2 c5 6. c3 b5 7. Nf3 b4 8. cxb4
cxb4 9. Nf4 Nc6 10. Be2 Qb6 11. O-O Be7 12. h4 Ba6 13. Bxa6 Qxa6 14. Be3 Rc8
15. Nh2 Nf8 16. h5 f5 17. exf6 gxf6 18. Qg4 Kf7 19. Rfe1 Bd6 20. Qh4 Bxf4 21.
Qxf4 Nd7 22. Ng4 Rhf8 23. Nh6+ Ke8 24. Qd6 Ncb8 25. Bf4 Rc6 26. Rxe6+ 1-0

[Event "36 R.G.Nezhmetdinov Memorial"]
[Site ", "]
[Date "2014.06.04"]
[Round "5.16"]
[White "Galliamova, Alisa"]
[Black "Morgunov, Anatoly"]
[Result "1-0"]
[WhiteElo "2466"]
[BlackElo "2307"]
[PlyCount "59"]
[EventDate "2014.??.??"]

1. d4 d5 2. c4 c6 3. Nf3 Nf6 4. e3 e6 5. b3 Nbd7 6. Bd3 Bd6 7. Bb2 Qe7 8. Ne5
Bb4+ 9. Nd2 Nxe5 10. dxe5 Nd7 11. O-O f5 12. exf6 Nxf6 13. e4 O-O 14. e5 Ng4
15. Qxg4 Bxd2 16. f4 Be3+ 17. Kh1 d4 18. Rf3 Qf7 19. Ba3 Re8 20. Raf1 g6 21.
Rh3 Qg7 22. Qg5 b6 23. Rh6 Kf7 24. Rf3 c5 25. Rfh3 Rh8 26. Bxg6+ Kg8 27. Qd8+
Qf8 28. Bf7+ Kxf7 29. Rf6+ Kg7 30. Rxf8 1-0

[Event "36 R.G.Nezhmetdinov Memorial"]
[Site ", "]
[Date "2014.06.04"]
[Round "5.17"]
[White "Samusenko, Maksim"]
[Black "Kuderinov, Kirill"]
[Result "1/2-1/2"]
[WhiteElo "2306"]
[BlackElo "2442"]
[PlyCount "80"]
[EventDate "2014.??.??"]

1. e4 e5 2. Nf3 Nc6 3. Bb5 a6 4. Ba4 Nf6 5. d4 exd4 6. O-O Be7 7. Re1 O-O 8. e5
Nd5 9. Nxd4 Nxd4 10. Qxd4 Nb6 11. Bb3 d5 12. exd6 Bxd6 13. Bf4 Bxf4 14. Qxf4
Be6 15. Bxe6 fxe6 16. Qe4 Nd5 17. Nd2 Nf4 18. Nf3 Qf6 19. c3 Rad8 20. Rad1 Rd5
21. g3 Rf5 22. gxf4 Rxf4 23. Qxe6+ Qxe6 24. Rxe6 Rxf3 25. Rd2 R3f7 26. Kg2 g6
27. h3 Kg7 28. Kg3 Rf3+ 29. Kg2 R8f7 30. Re4 R3f5 31. Kg3 a5 32. f4 Kf6 33. Rd8
Rb5 34. b3 Rb6 35. Rd5 Rc6 36. c4 b6 37. h4 Re6 38. Rxe6+ Kxe6 39. h5 gxh5 40.
Rxh5 Rd7 1/2-1/2

[Event "36 R.G.Nezhmetdinov Memorial"]
[Site ", "]
[Date "2014.06.04"]
[Round "5.18"]
[White "Toropov, Pavel"]
[Black "Tunik, Gennady"]
[Result "0-1"]
[WhiteElo "2305"]
[BlackElo "2430"]
[PlyCount "106"]
[EventDate "2014.??.??"]

1. c4 Nf6 2. Nc3 e5 3. g3 Bb4 4. Bg2 O-O 5. Nf3 Re8 6. O-O e4 7. Ng5 Bxc3 8.
dxc3 h6 9. Nh3 d6 10. Nf4 Nbd7 11. h3 Ne5 12. b3 Bf5 13. Nd5 Nfd7 14. Be3 c6
15. Nb4 Nf6 16. Qd2 Qe7 17. Rfd1 Red8 18. a4 a5 19. Nc2 c5 20. Qe1 Qe6 21. Kh2
Nf3+ 22. exf3 exf3 23. Bxf3 Bxc2 24. Rd2 Bxb3 25. Bf4 Qxc4 26. Rxd6 Rxd6 27.
Bxd6 Re8 28. Qf1 Qxf1 29. Rxf1 Ne4 30. Bxe4 Rxe4 31. Bxc5 Rxa4 32. Rb1 Bd5 33.
g4 Bc6 34. Rb3 Ra1 35. f4 a4 36. Ra3 Rf1 37. f5 g6 38. fxg6 fxg6 39. h4 Rf4 40.
Kg3 Rf3+ 41. Kh2 Kf7 42. Bd4 Ke6 43. Bg7 h5 44. gxh5 gxh5 45. Ra2 Kd5 46. Re2
Rf5 47. Rb2 Rf4 48. Bh6 Rxh4+ 49. Kg3 Rg4+ 50. Kf2 Kc4 51. Ke3 Kxc3 52. Rh2 h4
53. Bf8 Bg2 0-1

[Event "36 R.G.Nezhmetdinov Memorial"]
[Site ", "]
[Date "2014.06.04"]
[Round "5.19"]
[White "Gorozhanin, Mikhail"]
[Black "Ulko, Jaroslav"]
[Result "0-1"]
[WhiteElo "2299"]
[BlackElo "2422"]
[PlyCount "66"]
[EventDate "2014.??.??"]

1. d4 Nf6 2. Bf4 d5 3. c4 c5 4. dxc5 Nc6 5. Nf3 e6 6. e3 Bxc5 7. a3 Ne4 8. Bd3
Qa5+ 9. Nbd2 Nxd2 10. Nxd2 dxc4 11. Bxc4 Be7 12. O-O O-O 13. b4 Qf5 14. Bc7 e5
15. Nb3 Be6 16. Bxe6 Qxe6 17. b5 Rfc8 18. Ba5 Nxa5 19. Nxa5 Qb6 20. Qa4 Rc5 21.
Rab1 Rac8 22. Qb4 Bd8 23. Nb3 Rxb5 24. Qg4 Rc7 25. Rbd1 Be7 26. Rd7 h5 27. Qd1
Rxd7 28. Qxd7 Bxa3 29. Nd2 Qc6 30. Qh3 g6 31. f4 Rb2 32. Nf3 exf4 33. Nd4 Qc4
0-1

[Event "36 R.G.Nezhmetdinov Memorial"]
[Site ", "]
[Date "2014.06.04"]
[Round "5.20"]
[White "Yeletsky, Ivan"]
[Black "Smirnov, Alexey"]
[Result "0-1"]
[WhiteElo "2200"]
[BlackElo "2407"]
[PlyCount "92"]
[EventDate "2014.??.??"]

1. e4 c5 2. Nf3 d6 3. d4 cxd4 4. Nxd4 Nf6 5. Nc3 a6 6. Be3 e5 7. Nb3 Be6 8. h3
h5 9. f4 Qc7 10. f5 Bc4 11. Qf3 Nbd7 12. a3 b5 13. Nd2 Bxf1 14. Nxf1 Rc8 15.
Bg5 Qa5 16. Nd2 d5 17. exd5 b4 18. Nb3 Qb6 19. Be3 Qb7 20. axb4 Bxb4 21. O-O
Bxc3 22. bxc3 Rxc3 23. Rfd1 O-O 24. Ra2 Nb6 25. Nc5 Qc8 26. Ne4 Nbxd5 27. Nxc3
Nxc3 28. Ra5 Nxd1 29. Qxd1 Rd8 30. Qe2 Qxf5 31. Rxa6 Rc8 32. Ra2 Nd5 33. Qf2
Qxf2+ 34. Bxf2 Nb4 35. Ra5 f6 36. Bc5 Nxc2 37. Kf2 Rd8 38. g4 Rd2+ 39. Kg3 Ne1
40. Kh4 Ng2+ 41. Kg3 Nf4 42. Be3 Rd3 43. Kf2 h4 44. Bxf4 exf4 45. g5 fxg5 46.
Rxg5 Rxh3 0-1

[Event "36 R.G.Nezhmetdinov Memorial"]
[Site ", "]
[Date "2014.06.04"]
[Round "5.21"]
[White "Demidov, Mikhail"]
[Black "Davydov, Sergey P"]
[Result "1-0"]
[WhiteElo "2512"]
[BlackElo "2252"]
[PlyCount "81"]
[EventDate "2014.??.??"]

1. Nc3 d5 2. e4 d4 3. Nce2 c5 4. Ng3 e5 5. Nf3 Nc6 6. Bc4 Be7 7. O-O Nf6 8. d3
a6 9. a4 O-O 10. Bd2 Ne8 11. a5 Bg4 12. h3 Bxf3 13. Qxf3 Bg5 14. Be1 g6 15. Ne2
Ng7 16. g3 Kh8 17. Qg2 f5 18. f4 Bf6 19. Bd2 Qd7 20. Rae1 Rae8 21. fxe5 Bxe5
22. Nf4 Bc7 23. exf5 Rxf5 24. Rxe8+ Qxe8 25. g4 Re5 26. Qf2 Re3 27. Bxe3 dxe3
28. Nxg6+ hxg6 29. Qh4+ Nh5 30. gxh5 Bd8 31. Qf4 Kg7 32. Qf7+ Qxf7 33. Rxf7+
Kh6 34. c3 Nxa5 35. Kf1 b5 36. Bd5 c4 37. dxc4 bxc4 38. Ke2 Bg5 39. hxg6 Kxg6
40. Ra7 Nb3 41. Bxc4 1-0

[Event "36 R.G.Nezhmetdinov Memorial"]
[Site ", "]
[Date "2014.06.04"]
[Round "5.22"]
[White "Isajevsky, Anton"]
[Black "Yapparov, Timur"]
[Result "1/2-1/2"]
[WhiteElo "2416"]
[BlackElo "2215"]
[PlyCount "80"]
[EventDate "2014.??.??"]

1. c4 c6 2. Nf3 d5 3. e3 Nf6 4. Nc3 e6 5. b3 Nbd7 6. Bb2 Bd6 7. Qc2 a6 8. Be2
Qe7 9. d4 O-O 10. O-O b6 11. e4 dxe4 12. Nxe4 Nxe4 13. Qxe4 Bb7 14. Bd3 f5 15.
Qe2 Rae8 16. Rfe1 a5 17. c5 bxc5 18. Bc4 Kh8 19. Qxe6 Nb6 20. Qh6 Nxc4 21. Qc1
Qf7 22. Rxe8 Rxe8 23. bxc4 cxd4 24. c5 Bc7 25. Bxd4 Ba6 26. Qc3 Be2 27. Re1
Bxf3 28. Rxe8+ Qxe8 29. gxf3 Qe7 30. a4 h6 31. f4 Bxf4 32. Qxa5 Qe2 33. Qc3
Qd1+ 34. Kg2 Qg4+ 35. Kh1 Qd1+ 36. Kg2 Qg4+ 37. Kh1 Qd1+ 38. Kg2 Qg4+ 39. Kh1
Qd1+ 40. Kg2 Qg4+ 1/2-1/2

[Event "36 R.G.Nezhmetdinov Memorial"]
[Site ", "]
[Date "2014.06.04"]
[Round "5.23"]
[White "Yandemirov, Valeri"]
[Black "Lomasov, Semen"]
[Result "1-0"]
[WhiteElo "2403"]
[BlackElo "2188"]
[PlyCount "69"]
[EventDate "2014.??.??"]

1. Nf3 Nf6 2. g3 d5 3. Bg2 Bf5 4. O-O e6 5. d3 h6 6. b3 Be7 7. Bb2 O-O 8. Nbd2
Bh7 9. Re1 c5 10. e4 Nc6 11. exd5 exd5 12. Ne5 Nxe5 13. Rxe5 Rb8 14. Qf3 Bg6
15. h3 Bd6 16. Re2 d4 17. Nc4 Bc7 18. a4 Bh5 19. g4 Bg6 20. Rae1 Nh7 21. Bc1
Ng5 22. Bxg5 Qxg5 23. Re7 Bf4 24. Qd5 Qf6 25. Qxc5 b6 26. Qc6 Qh4 27. Rxa7 Rbc8
28. Qxb6 Rfe8 29. Qa5 h5 30. Rxe8+ Rxe8 31. Ra8 Rxa8 32. Qxa8+ Kh7 33. Qf3 Qg5
34. h4 Qf6 35. gxh5 1-0

[Event "36 R.G.Nezhmetdinov Memorial"]
[Site ", "]
[Date "2014.06.04"]
[Round "5.24"]
[White "Glukhov, Alexander"]
[Black "Vastrukhin, Oleg"]
[Result "1-0"]
[WhiteElo "2185"]
[BlackElo "2401"]
[PlyCount "58"]
[EventDate "2014.??.??"]

1. e4 g6 2. d4 Bg7 3. Nc3 c6 4. Nf3 d5 5. Bd3 dxe4 6. Nxe4 Nf6 7. Nxf6+ exf6 8.
Be3 O-O 9. Qd2 a5 10. O-O Na6 11. c4 Nc7 12. Rfe1 a4 13. Rad1 Bg4 14. Be2 Re8
15. h3 Bf5 16. d5 cxd5 17. cxd5 Be4 18. d6 Nd5 19. Bb5 Re6 20. Bc5 Ra5 21. Rxe4
Rxb5 22. Qxd5 Rxc5 23. Qxc5 Rxe4 24. Qc7 Re8 25. d7 Rf8 26. Qxb7 f5 27. Qc6
Bxb2 28. Re1 Qa5 29. Re8 Qb4 1-0

[Event "36 R.G.Nezhmetdinov Memorial"]
[Site ", "]
[Date "2014.06.04"]
[Round "5.25"]
[White "Ponfilenok, Vladimir"]
[Black "Murtazin, Bulat"]
[Result "1-0"]
[WhiteElo "2399"]
[BlackElo "2176"]
[PlyCount "91"]
[EventDate "2014.??.??"]

1. d4 d5 2. Nf3 Nf6 3. c4 e6 4. g3 dxc4 5. Bg2 a6 6. O-O Nc6 7. e3 Bd7 8. Qe2
b5 9. b3 cxb3 10. axb3 Be7 11. Bb2 O-O 12. Rc1 Ra7 13. Nc3 Nb4 14. Na2 Nfd5 15.
Nxb4 Nxb4 16. Ba3 Be8 17. Ne5 Nd5 18. Bc5 Bxc5 19. Rxc5 Qd6 20. Qd2 Ne7 21. Qc3
f6 22. Nc6 Bxc6 23. Bxc6 e5 24. Bxb5 exd4 25. exd4 Rd8 26. Qc4+ Kf8 27. Rxa6
Rxa6 28. Bxa6 c6 29. Bb7 Qxd4 30. Bxc6 Qxc4 31. Rxc4 Rd1+ 32. Kg2 Nxc6 33. Rxc6
Rb1 34. Rc3 Rb2 35. g4 Kf7 36. h3 f5 37. Kg3 f4+ 38. Kxf4 Rxf2+ 39. Ke5 Kg6 40.
Kd5 Kg5 41. b4 h5 42. gxh5 Kf6 43. Re3 Rd2+ 44. Kc6 Kg5 45. b5 Kxh5 46. Rc3 1-0

[Event "36 R.G.Nezhmetdinov Memorial"]
[Site ", "]
[Date "2014.06.04"]
[Round "5.26"]
[White "Dilmukhametov, Artur"]
[Black "Faizrakhmanov, Ramil"]
[Result "1/2-1/2"]
[WhiteElo "2164"]
[BlackElo "2364"]
[PlyCount "136"]
[EventDate "2014.??.??"]

1. e4 c6 2. d4 d5 3. exd5 cxd5 4. c4 Nf6 5. Nc3 e6 6. Nf3 Be7 7. cxd5 Nxd5 8.
Bd3 Nc6 9. O-O O-O 10. Re1 Nf6 11. a3 b6 12. Bg5 Bb7 13. Rc1 g6 14. Bb1 Nd5 15.
Bh6 Nxc3 16. Rxc3 Re8 17. Be4 Na5 18. Bxb7 Nxb7 19. Ne5 Qd5 20. Rc7 Nd6 21. Qd2
Nf5 22. Rd7 Qb5 23. d5 Bf6 24. Rxf7 Bxe5 25. Rxe5 Qa5 26. Rd7 Qa4 27. dxe6 Nxh6
28. Qxh6 Qxd7 29. exd7 Rxe5 30. g3 Rd8 31. Qf4 Rd5 32. Qc4 R8xd7 33. Kg2 h6 34.
Qe4 Kh7 35. h4 h5 36. Qe6 R5d6 37. Qe8 Rd2 38. b3 Rc7 39. Qe6 Ra2 40. a4 Rb2
41. Qe5 Rbc2 42. Qe6 Rd2 43. Kg1 Rdc2 44. Kg2 R2c5 45. Qd6 Rf7 46. Qe6 Rcf5 47.
Qe3 b5 48. Qd4 bxa4 49. bxa4 Rf3 50. Qc5 a6 51. Qd4 a5 52. Qc5 R3f5 53. Qb6 Re7
54. Qd6 Rb7 55. Qc6 Rff7 56. Qc5 Rb2 57. Kg1 Ra2 58. Qd4 Re7 59. Kg2 Ree2 60.
Qd7+ Kh6 61. Qf7 Rxf2+ 62. Qxf2 Rxf2+ 63. Kxf2 g5 64. Kf3 Kg6 65. hxg5 Kxg5 66.
Kg2 Kg4 67. Kf2 Kg5 68. Kg2 Kg4 1/2-1/2

[Event "36 R.G.Nezhmetdinov Memorial"]
[Site ", "]
[Date "2014.06.04"]
[Round "5.27"]
[White "Petrov, Nikita"]
[Black "Fakhrutdinov, Timur"]
[Result "1-0"]
[WhiteElo "2359"]
[BlackElo "2161"]
[PlyCount "103"]
[EventDate "2014.??.??"]

1. e4 c5 2. c3 d5 3. exd5 Qxd5 4. Nf3 Nf6 5. Na3 a6 6. Be2 Bg4 7. O-O e6 8. Nc2
Bh5 9. Ne3 Qd8 10. d4 Nc6 11. Ne5 Bxe2 12. Qxe2 Qc7 13. N3c4 b5 14. Nxc6 Qxc6
15. Ne5 Qb7 16. a4 b4 17. dxc5 bxc3 18. c6 Qc7 19. bxc3 Bd6 20. Re1 O-O 21. Ba3
Bxe5 22. Qxe5 Qxe5 23. Rxe5 Rfc8 24. Rc5 Ne4 25. Re5 Nxc3 26. Rc5 Ne2+ 27. Kf1
Nd4 28. Rd1 Nxc6 29. Rd6 Ne7 30. Rxc8+ Rxc8 31. Rxa6 Nc6 32. Rb6 f6 33. Bd6 Kf7
34. Rb7+ Kg6 35. Rc7 Rxc7 36. Bxc7 Kf5 37. f3 e5 38. a5 Nb4 39. Bd6 Na6 40. Bf8
g5 41. g4+ Kf4 42. Kf2 f5 43. h3 fxg4 44. hxg4 h5 45. gxh5 Kf5 46. Bd6 Kf6 47.
Ke3 Kg7 48. Bxe5+ Kh6 49. Bd6 Kxh5 50. Kd3 g4 51. fxg4+ Kxg4 52. Kc4 1-0

[Event "36 R.G.Nezhmetdinov Memorial"]
[Site ", "]
[Date "2014.06.04"]
[Round "5.28"]
[White "Merkushev, Dmitry"]
[Black "Gerasimov, Ivan"]
[Result "0-1"]
[WhiteElo "2105"]
[BlackElo "2346"]
[PlyCount "72"]
[EventDate "2014.??.??"]

1. Nf3 Nf6 2. g3 b6 3. Bg2 Bb7 4. c4 e6 5. O-O Be7 6. Nc3 O-O 7. Re1 c5 8. e4
d6 9. b3 a6 10. Bb2 Nbd7 11. Qc2 Qc7 12. d3 Ne5 13. Rad1 Nfd7 14. Nd2 Bf6 15.
a3 Rfe8 16. h3 Nc6 17. Ne2 Nd4 18. Bxd4 Bxd4 19. Nxd4 cxd4 20. f4 b5 21. Qb2 e5
22. f5 Rec8 23. Nf3 a5 24. Nh4 a4 25. Rc1 axb3 26. cxb5 Qd8 27. Qxb3 Nc5 28.
Qd1 Rxa3 29. Bf1 Rca8 30. Be2 Qg5 31. Kh2 Nxe4 32. Rg1 Nc3 33. Qf1 Ra2 34. Re1
Qd2 35. Nf3 Qe3 36. Rg2 Rxe2 0-1

[Event "36 R.G.Nezhmetdinov Memorial"]
[Site ", "]
[Date "2014.06.04"]
[Round "5.29"]
[White "Kostin, Konstantin"]
[Black "Murzin, Lenar"]
[Result "0-1"]
[WhiteElo "2344"]
[BlackElo "2115"]
[PlyCount "100"]
[EventDate "2014.??.??"]

1. d4 Nf6 2. c4 e6 3. Nc3 Bb4 4. e3 O-O 5. Nge2 d5 6. a3 Be7 7. cxd5 exd5 8.
Nf4 c6 9. Bd3 Bd6 10. O-O Re8 11. Bc2 Nbd7 12. f3 Qc7 13. g3 Bxf4 14. exf4 Nb6
15. f5 Nc4 16. Re1 Bd7 17. b3 Rxe1+ 18. Qxe1 Re8 19. Qf2 Qa5 20. Ne2 Nd6 21. g4
h6 22. Bf4 Nb5 23. b4 Qb6 24. Bd3 a5 25. bxa5 Qxa5 26. h4 Qa4 27. Kg2 c5 28.
dxc5 Rxe2 29. Qxe2 Qxf4 30. Bxb5 Bxb5 31. Qxb5 Nxg4 32. fxg4 Qxg4+ 33. Kf1
Qxf5+ 34. Ke2 Qe5+ 35. Kd3 Qxa1 36. Qxb7 Qd1+ 37. Ke3 Qc1+ 38. Kd4 Qc4+ 39. Ke5
Qxc5 40. Qb8+ Kh7 41. Qb4 f6+ 42. Ke6 Qxb4 43. axb4 d4 44. b5 d3 45. b6 d2 46.
b7 d1=Q 47. b8=Q Qg4+ 48. Kf7 Qh5+ 49. Kf8 Qc5+ 50. Kf7 Qd5+ 0-1

[Event "36 R.G.Nezhmetdinov Memorial"]
[Site ", "]
[Date "2014.06.04"]
[Round "5.30"]
[White "Denisov, Lev"]
[Black "Nizamov, Bulat"]
[Result "1-0"]
[WhiteElo "2302"]
[BlackElo "2005"]
[PlyCount "97"]
[EventDate "2014.??.??"]

1. e4 c5 2. Nf3 e6 3. d4 cxd4 4. Nxd4 a6 5. Nc3 b5 6. g3 Bb7 7. Bg2 Nf6 8. O-O
b4 9. Na4 Qc7 10. Re1 Be7 11. e5 Nd5 12. Nf5 exf5 13. Bxd5 O-O 14. Be3 Nc6 15.
Nb6 Rad8 16. Nc4 Rde8 17. Qd3 Nd8 18. Rad1 Bxd5 19. Qxd5 Ne6 20. b3 f6 21. exf6
Bxf6 22. Bb6 Qc6 23. Qxc6 dxc6 24. Nd6 Rb8 25. Rxe6 Rxb6 26. Nc4 Rbb8 27. Rxc6
f4 28. Rxa6 fxg3 29. hxg3 Ra8 30. Rxa8 Rxa8 31. Kg2 Rxa2 32. Rd2 h5 33. Ne3 h4
34. gxh4 Bxh4 35. Nd5 Ra6 36. Nxb4 Rg6+ 37. Kf1 Rf6 38. Nd3 g5 39. Re2 Bg3 40.
Kg2 Bc7 41. Re7 Bd6 42. Rb7 g4 43. Rb5 Rg6 44. c4 Be7 45. Ne5 Rg7 46. Rb7 Kh7
47. b4 Kh6 48. b5 Kg5 49. Nc6 1-0

[Event "36 R.G.Nezhmetdinov Memorial"]
[Site ", "]
[Date "2014.06.04"]
[Round "5.31"]
[White "Pershin, Denis"]
[Black "Amerzianov, Timur"]
[Result "0-1"]
[WhiteElo "2157"]
[BlackElo "2301"]
[PlyCount "40"]
[EventDate "2014.??.??"]

1. e4 c6 2. Nf3 d5 3. exd5 cxd5 4. Ne5 Nc6 5. d4 Nf6 6. Bb5 Bd7 7. Nxd7 Qxd7 8.
c3 a6 9. Bd3 e6 10. Qf3 e5 11. Bf5 Qc7 12. dxe5 Qxe5+ 13. Be3 d4 14. cxd4 Nxd4
15. Qxb7 Rb8 16. Qxb8+ Qxb8 17. Bxd4 Qf4 18. Bxf6 gxf6 19. Bc2 Qc1+ 20. Bd1
Bb4+ 0-1

[Event "36 R.G.Nezhmetdinov Memorial"]
[Site ", "]
[Date "2014.06.04"]
[Round "5.32"]
[White "Askerov, Marat"]
[Black "Tokarev, Ilya"]
[Result "0-1"]
[WhiteElo "2085"]
[BlackElo "2295"]
[PlyCount "78"]
[EventDate "2014.??.??"]

1. d4 d5 2. c4 c6 3. cxd5 cxd5 4. Nc3 Nf6 5. Bf4 Nc6 6. e3 a6 7. Rc1 Bg4 8. f3
Bf5 9. g4 Be6 10. h4 h5 11. g5 Nd7 12. g6 Qb6 13. gxf7+ Bxf7 14. Nh3 e5 15.
dxe5 Qxb2 16. Rh2 Qa3 17. e6 Bxe6 18. Ng5 Bg8 19. Rhc2 Nf6 20. Ne2 Bd6 21. Kf2
Rd8 22. Rc3 Qa5 23. Bxd6 Rxd6 24. Nd4 Bh7 25. Nxh7 Nxh7 26. Nxc6 bxc6 27. Rxc6
Rxc6 28. Rxc6 O-O 29. Rxa6 Qd8 30. Qd4 Nf6 31. Ra7 Qb8 32. Kg2 Qb1 33. Qd3 Qb2+
34. Kh3 Qb8 35. Re7 Qd6 36. Rb7 Ng4 37. fxg4 Rf2 38. gxh5 Qh2+ 39. Kg4 Qg1+ 0-1